000 00490nam a22001697u 4500
008 130405s1958 xxu||||| |||| 00| 0 spa d
041 _aspa
100 1 _aRaymond, M.
_928854
245 0 0 _aUn trapense exclama: ¡La vida es una divina novela!
_b:Dedicado a las mujeres
_cM. Raymond
250 _a3ª ed.
260 _aMadrid:
_bStudium,
_c1958
300 _a94 p.
_c;17 cm.
490 0 _aTrapense
_v2
650 0 4 _aEspiritualidad
_xLecturas cristianas
_913375
942 _cBK
001 63162
999 _c266918
_d266918